| Tag |
First Indicator |
Second Indicator |
Subfields |
| LEADER |
00000cam a2200000Ii 4500 |
| 001 |
in00003538549 |
| 006 |
m o d |
| 007 |
cr cnu|||unuuu |
| 008 |
140826s1980 ne ob 001 0 eng d |
| 005 |
20260422224743.7 |
| 020 |
|
|
|a 9789400981928 (electronic bk.)
|
| 020 |
|
|
|a 9400981929 (electronic bk.)
|
| 020 |
|
|
|z 9789400981942
|
| 024 |
7 |
|
|a 10.1007/978-94-009-8192-8
|2 doi
|
| 035 |
|
|
|a (OCoLC)889242424
|
| 040 |
|
|
|a GW5XE
|b eng
|e rda
|e pn
|c GW5XE
|d OCLCF
|d UtOrBLW
|
| 049 |
|
|
|a TXAM
|
| 050 |
|
4 |
|a RG558.5
|
| 072 |
|
7 |
|a MJGD
|2 bicssc
|
| 072 |
|
7 |
|a MED027000
|2 bisacsh
|
| 072 |
|
7 |
|a HEA039050
|2 bisacsh
|
| 082 |
0 |
4 |
|a 618.3/64
|2 23
|
| 100 |
1 |
|
|a Jirásek, Jan E.
|q (Jan Evangelista),
|e author.
|
| 245 |
1 |
0 |
|a Human fetal endocrines /
|c Jan E. Jirásek.
|
| 264 |
|
1 |
|a Dordrecht :
|b Springer,
|c 1980.
|
| 300 |
|
|
|a 1 online resource (xiv, 246 pages)
|
| 336 |
|
|
|a text
|b txt
|2 rdacontent
|
| 337 |
|
|
|a computer
|b c
|2 rdamedia
|
| 338 |
|
|
|a online resource
|b cr
|2 rdacarrier
|
| 490 |
1 |
|
|a Developments in obstetrics and gynecology ;
|v volume 1
|
| 500 |
|
|
|a "Ursprünglich erschienen bei Martinus Nijhoff, The Hague, Netherlands 1980. Softcover reprint of the hardcover 1st edition 1980."
|
| 504 |
|
|
|a Includes bibliographical references and index.
|
| 588 |
|
|
|a Description based on online resource; title from PDF title page (SpringerLink, viewed August 26, 2014).
|
| 650 |
|
0 |
|a Obstetrical endocrinology.
|
| 650 |
|
0 |
|a Fetus.
|
| 650 |
|
7 |
|a Fetus.
|2 fast
|0 (OCoLC)fst00923427
|
| 650 |
|
7 |
|a Obstetrical endocrinology.
|2 fast
|0 (OCoLC)fst01042980
|
| 655 |
|
7 |
|a Electronic books.
|2 local
|
| 710 |
2 |
|
|a SpringerLink (Online service)
|
| 830 |
|
0 |
|a Developments in obstetrics and gynecology ;
|v v.1.
|
| 856 |
4 |
0 |
|u http://proxy.library.tamu.edu/login?url=https://link.springer.com/10.1007/978-94-009-8192-8
|z Connect to the full text of this electronic book
|t 0
|
| 994 |
|
|
|a 92
|b TXA
|
| 999 |
|
|
|a MARS
|
| 999 |
f |
f |
|s 6b0e0a3a-59bb-3d78-9333-a297e43b3c67
|i ed6081fa-97fd-3b9d-a5e9-8ec5363b9305
|t 0
|
| 952 |
f |
f |
|a Texas A&M University
|b College Station
|c Electronic Resources
|s www_evans
|d Available Online
|t 0
|e RG558.5
|h Library of Congress classification
|
| 998 |
f |
f |
|a RG558.5
|t 0
|l Available Online
|